01188nam0a2200289 4500001001900000005001700019010003000036021001900066035002200085035002600107100004100133101000800174102000700182105001800189106000600207200005300213210007600266215003100342606010600373610023300479686002300712686001300735700006400748801003200812801002600844801002800870RU\NLR\bibl\57926220250610135200.0 a5-9557-0080-3bв обл. aRUb2004-30100 aRSL-KNO-002437120 a(NLR Aleph) 000571278 a20040525d2004 |||y0rusy50 ca0 arus aRU ay ||||||||| ar1 aТрудовые спорыfТ.О. Айман aМ.cРИОРd2004eДомодедово : ДПК Роспатента a63, [1] с.cтабл.d200 aТрудовые конфликтыyРоссийская Федерация3RU\NLR\auth\6613212920 aГосударство и право. Юридические науки -- Трудовое право -- Российская Федерация -- Трудовые споры -- Пособие для специалистов aХ627.52,072rubbk aХ627.52 1aАйманbТ. О.gТатьяна Олеговна4070 0aRUbRuMoRKPc20040525gPSBO 1aRUbRuMoRGBc20040525 2aRUbNLRc20041201gPSBO